O'Reilly Factor guest hosts Quiz Stats

 Plays Quiz not verified by Sporcle

Also try: SNL Politics
Challenge
Share
Tweet
Embed
Score 0/11 Timer 05:00
0 Plays Today
Guest host % Correct
Laura Ingraham
78.9%
Ann Coulter
21.1%
Geraldo Rivera
21.1%
Michelle Malkin
15.8%
Monica Crowley
10.5%
John Kasich
10.5%
Tony Snow
10.5%
John Gibson
0%
Andrew Napolitano
0%
Heather Nauert
-5.3%
Cal Thomas
-5.3%

You're not logged in!

Compare scores with friends on all Sporcle quizzes.
OR
Log In

You Might Also Like...

Show Comments

Extras

Created Oct 1, 2009ReportNominate
Tags:factor, guest, host, journalist

Top Quizzes Today


Score Distribution

Your Account Isn't Verified!

In order to create a playlist on Sporcle, you need to verify the email address you used during registration. Go to your Sporcle Settings to finish the process.

Report this User

Report this user for behavior that violates our Community Guidelines.

Details: